000 nam a22 a 4500
999 _c95856
_d95856
003 BLK
005 20220810140310.0
008 180409b bul|||||r ||||||| ||bul||
010 _aKNG00100735000
040 _aBLK
041 _aBUL
_cBUL
080 _aБългарска литература
_b821.163.2
_x-8
_z821.163.2-8
139 _aРомантика
_bР 83
245 1 0 _aРомантика
_bЛит. сб. за младите творци
_cсъстав. и ред. Стефан Коларов ; с предг. от Младен Исаев.
257 _aBGR
260 _aСофия
_bПрофиздат
_c1982
300 _a319 с.
_bс ил., 8 л. репрод.
_c21 см
380 _aX
700 1 _aКоларов, Стефан
_eсъстав. и ред.
_9369277
700 1 _aИсаев, Младен
_qМладенов, Младен Исаев
_eс предг. от
_9369402
852 _aЦб 114028
_bЦб
942 _cKNG
_n0
_s1
944 _aCR
_c17.11.2016
_kСтанимира_Цанева
944 _aED
_c2022-03-28
_kГГГ